Normal view
MARC view
- CROZIER, PATRICK
Entry Personal Name
001 - CONTROL NUMBER
- control field: 62407
003 - CONTROL NUMBER IDENTIFIER
- control field: NUST
005 - DATE AND TIME OF LATEST TRANSACTION
- control field: 20210628202932.0
008 - FIXED-LENGTH DATA ELEMENTS
- fixed length control field: 210628|| aca||aabn | a|a d
040 ## - CATALOGING SOURCE
- Original cataloging agency: NUST
- Transcribing agency: NUST
100 ## - HEADING--PERSONAL NAME
- Personal name: CROZIER, PATRICK
670 ## - SOURCE DATA FOUND
- Source citation: Work cat.: (NUST): CROZIER, PATRICK, ELECTRONIC INSTRUMENTS AND MEASUREMENTS, 1985
